000 00498nam a2200157 i 4500
001 182948
003 ES-MaACL
005 20250812173943.0
008 131218s1870 sp |||| | spa d
245 0 3 _aEl rey de la revolución.
260 _aMadrid :
_b[s.n.],
_c1870 (
_fImp. Nicanor Pérez Zuloaga)
300 _a32 p. ;
_c25 cm.
600 1 7 _aMontpensier, Antonio María Felipe Luis de Orleáns,
_cDuque de,
_d1824-1890
_2
_9140427
852 _aES-MaACL
_jT-103-F-1
999 _c182948
_d182948